000
00318 a2200145 4500
001
180826
020
_a
040
_c
Magnum
100
_a
-
240
1
0
_a
Deus nos chama a uma missao/7 serie
_l
por
245
1
0
_a
Deus nos chama a uma missao/7 serie
362
0
_a
1899
697
_a
MAGNITO: RELIGIAO
942
_c
BK
999
_c
180826
_d
180826